[Event "Titled Tuesday intern op 28th Dec"]
[Site "Chess.com INT"]
[Date "2021.12.28"]
[Round "3"]
[White "Necula, Iulian"]
[Black "Lossi C, Cyrano Jose"]
[Result "1/2-1/2"]
[WhiteElo "1890"]
[BlackElo "2042"]
[PlyCount "56"]
[EventDate "2021.12.28"]
[EventType "swiss (blitz)"]
[EventRounds "11"]
[EventCountry "USA"]
[SourceTitle "CBM 206 Extra"]
[Source "ChessBase"]
[SourceDate "2022.03.31"]
[SourceVersion "1"]
[SourceVersionDate "2022.03.31"]
[SourceQuality "1"]

1. Nf3 d5 2. g3 Nf6 3. Bg2 c6 4. O-O e6 5. d3 Be7 6. c4 O-O 7. b3 Nbd7 8. Bb2 Re8 9. Nbd2 Bd6 10. d4 b6 11. Qc2 Bb7 12. Rfe1 e5 13. dxe5 Nxe5 14. Nxe5 Bxe5 15. Bxe5 Rxe5 16. cxd5 cxd5 17. Nf3 Rc8 18. Qd2 Re7 19. Nd4 Ne4 20. Qb2 Rec7 21. Rac1 Qf6 22. Rxc7 Rxc7 23. Bxe4 dxe4 24. e3 Qd8 25. Rc1 Qc8 26. Rxc7 Qxc7 27. Nf5 f6 28. Qd2 g6 1/2-1/2

[Event "Titled Tuesday intern op 28th Dec"]
[Site "Chess.com INT"]
[Date "2021.12.28"]
[Round "3"]
[White "Olcayoz, Alper"]
[Black "Khabinets, Ivan"]
[Result "0-1"]
[WhiteElo "2244"]
[BlackElo "1980"]
[PlyCount "40"]
[EventDate "2021.12.28"]
[EventType "swiss (blitz)"]
[EventRounds "11"]
[EventCountry "USA"]
[SourceTitle "CBM 206 Extra"]
[Source "ChessBase"]
[SourceDate "2022.03.31"]
[SourceVersion "1"]
[SourceVersionDate "2022.03.31"]
[SourceQuality "1"]

1. e4 e5 2. Bc4 Nf6 3. d3 c6 4. Nf3 d5 5. Bb3 Bd6 6. Nc3 O-O 7. exd5 cxd5 8. Bg5 d4 9. Ne4 Be7 10. Bxf6 Bxf6 11. O-O Nc6 12. Re1 Kh8 13. Nxf6 Qxf6 14. Bd5 Re8 15. Qd2 Bd7 16. Qg5 Rac8 17. Bxc6 Bxc6 18. Rxe5 Rxe5 19. Nxe5 Bd5 20. Qxf6 gxf6 0-1

[Event "Titled Tuesday intern op 28th Dec"]
[Site "Chess.com INT"]
[Date "2021.12.28"]
[Round "3"]
[White "Ozen, Bahadir"]
[Black "Koellner, Ruben Gideon"]
[Result "1-0"]
[WhiteElo "2369"]
[BlackElo "2428"]
[PlyCount "149"]
[EventDate "2021.12.28"]
[EventType "swiss (blitz)"]
[EventRounds "11"]
[EventCountry "USA"]
[SourceTitle "CBM 206 Extra"]
[Source "ChessBase"]
[SourceDate "2022.03.31"]
[SourceVersion "1"]
[SourceVersionDate "2022.03.31"]
[SourceQuality "1"]

1. Nf3 d6 2. d4 Nf6 3. Bg5 Nbd7 4. e3 h6 5. Bh4 e5 6. Be2 Be7 7. O-O O-O 8. c4 c6 9. Nc3 Re8 10. Qc2 Nf8 11. dxe5 dxe5 12. Nxe5 g6 13. Rad1 Qa5 14. Nf3 Bf5 15. Qc1 Ne4 16. Bxe7 Rxe7 17. Nxe4 Bxe4 18. a3 Rd8 19. b4 Qc7 20. Rxd8 Qxd8 21. Rd1 Rd7 22. Rxd7 Qxd7 23. Qd2 Bxf3 24. Qxd7 Nxd7 25. Bxf3 Ne5 26. Be2 b6 27. f4 Nd7 28. g4 Kf8 29. Kf2 Ke7 30. Bd3 c5 31. b5 Kf8 32. Kf3 Kg7 33. Ke4 Nf6+ 34. Kf3 Kf8 35. h4 Ke7 36. g5 hxg5 37. hxg5 Ne8 38. Ke4 Ke6 39. Bf1 Nd6+ 40. Kd3 Ke7 41. Bh3 Ke8 42. e4 Ke7 43. e5 Ne8 44. Ke4 Nc7 45. Bg4 Ke8 46. f5 gxf5+ 47. Bxf5 Ke7 48. Kf4 Ne8 49. Bg4 Nc7 50. Kg3 Ne8 51. Bf5 Ng7 52. Kg4 Ke8 53. Kf4 Nh5+ 54. Kf3 Ke7 55. Bg4 Ng7 56. Ke4 Kd8 57. Kd5 Kc7 58. a4 Ne8 59. e6 fxe6+ 60. Kxe6 Nd6 61. g6 Ne8 62. Ke7 Ng7 63. Kf7 Kd6 64. Kxg7 Ke5 65. Kf7 Kd4 66. Be6 Kc3 67. g7 Kb4 68. g8=Q Ka5 69. Qb8 a6 70. bxa6 Kb4 71. a7 b5 72. cxb5 c4 73. a8=Q c3 74. Qf4+ Kc5 75. Qc6# 1-0

[Event "Titled Tuesday intern op 28th Dec"]
[Site "Chess.com INT"]
[Date "2021.12.28"]
[Round "3"]
[White "Paiva, Henrique MA Alberg"]
[Black "Djokic, Mihailo"]
[Result "1-0"]
[WhiteElo "2064"]
[BlackElo "2254"]
[PlyCount "57"]
[EventDate "2021.12.28"]
[EventType "swiss (blitz)"]
[EventRounds "11"]
[EventCountry "USA"]
[SourceTitle "CBM 206 Extra"]
[Source "ChessBase"]
[SourceDate "2022.03.31"]
[SourceVersion "1"]
[SourceVersionDate "2022.03.31"]
[SourceQuality "1"]

1. e4 c5 2. Nf3 d6 3. Nc3 Nf6 4. d4 cxd4 5. Nxd4 g6 6. Be3 Bg7 7. f3 O-O 8. Bc4 Nc6 9. Qd2 Bd7 10. Bb3 Rc8 11. h4 h5 12. O-O-O Ne5 13. Kb1 Re8 14. g4 hxg4 15. h5 Nxh5 16. Bh6 Rc5 17. Rxh5 Nxf3 18. Qf4 Rf8 19. Bxg7 Rxh5 20. Bxf8 Qxf8 21. Nxf3 gxf3 22. Qxf3 Qg7 23. Rf1 Be8 24. a3 Re5 25. Nd5 e6 26. Nf6+ Kf8 27. Qd3 d5 28. Qd4 Rg5 29. Qc5# 1-0

[Event "Titled Tuesday intern op 28th Dec"]
[Site "Chess.com INT"]
[Date "2021.12.28"]
[Round "3"]
[White "Pandey, Srishti"]
[Black "Artemenko, Oleg"]
[Result "0-1"]
[WhiteElo "2177"]
[BlackElo "2246"]
[PlyCount "50"]
[EventDate "2021.12.28"]
[EventType "swiss (blitz)"]
[EventRounds "11"]
[EventCountry "USA"]
[SourceTitle "CBM 206 Extra"]
[Source "ChessBase"]
[SourceDate "2022.03.31"]
[SourceVersion "1"]
[SourceVersionDate "2022.03.31"]
[SourceQuality "1"]

1. c4 Nf6 2. Nf3 e6 3. e3 d5 4. d4 c5 5. cxd5 Nxd5 6. Nc3 Nc6 7. Bb5 a6 8. Bxc6+ bxc6 9. O-O Be7 10. e4 Nxc3 11. bxc3 cxd4 12. cxd4 O-O 13. Qc2 a5 14. Rd1 Ba6 15. Ne5 Rc8 16. Nxc6 Qd7 17. d5 exd5 18. exd5 Bd6 19. Bb2 Rfe8 20. Qc3 f6 21. Qxa5 Be2 22. Re1 Qg4 23. Qd2 Bf3 24. g3 Qh3 25. Rxe8+ Rxe8 0-1

[Event "Titled Tuesday intern op 28th Dec"]
[Site "Chess.com INT"]
[Date "2021.12.28"]
[Round "3"]
[White "Panesar, Vedant"]
[Black "Perez Ponsa, Federico"]
[Result "0-1"]
[WhiteElo "2379"]
[BlackElo "2561"]
[PlyCount "132"]
[EventDate "2021.12.28"]
[EventType "swiss (blitz)"]
[EventRounds "11"]
[EventCountry "USA"]
[SourceTitle "CBM 206 Extra"]
[Source "ChessBase"]
[SourceDate "2022.03.31"]
[SourceVersion "1"]
[SourceVersionDate "2022.03.31"]
[SourceQuality "1"]

1. d4 Nf6 2. Nf3 g6 3. Bg5 Bg7 4. Nbd2 O-O 5. c3 d6 6. e4 h6 7. Bh4 Qe8 8. Bd3 e5 9. O-O Nc6 10. dxe5 dxe5 11. Qc2 Nh5 12. Rfe1 Nf4 13. Bf1 Be6 14. Nc4 g5 15. Bg3 f6 16. Nfd2 h5 17. f3 h4 18. Bf2 Qg6 19. h3 Rad8 20. b4 Rf7 21. a4 Rfd7 22. Rad1 Ne7 23. a5 b6 24. Nb3 Qf7 25. Rxd7 Rxd7 26. Nbd2 Neg6 27. Ne3 Bf8 28. Bc4 Bxc4 29. Ndxc4 b5 30. Nb2 c5 31. bxc5 Bxc5 32. Nf5 Bxf2+ 33. Qxf2 Qb3 34. Rc1 Ne7 35. Nxe7+ Rxe7 36. Rd1 Qxc3 37. a6 Kf7 38. Rf1 Qa5 39. Nd1 Qxa6 40. Ne3 Qb6 41. Rd1 b4 42. Nf5 Qxf2+ 43. Kxf2 Rc7 44. Rd8 b3 45. Rb8 b2 46. Ke3 Rc2 47. Rb7+ Ke8 48. Nd6+ Kf8 49. Rb8+ Kg7 50. Nf5+ Kg6 51. Nd4 exd4+ 52. Kxd4 Rxg2 53. e5 fxe5+ 54. Kxe5 Re2+ 55. Kd4 Nxh3 56. Kd3 Nf4+ 57. Kd4 h3 58. Rg8+ Kh7 59. Rb8 h2 60. Rb7+ Kg6 61. Rb8 h1=Q 62. Rg8+ Kf7 63. Rb8 Qd1+ 64. Kc3 Rc2+ 65. Kb3 b1=Q+ 66. Ka3 Ra2# 0-1

[Event "Titled Tuesday intern op 28th Dec"]
[Site "Chess.com INT"]
[Date "2021.12.28"]
[Round "3"]
[White "Perez Gormaz, Matias Ariel"]
[Black "Le, Tuan Minh"]
[Result "0-1"]
[WhiteElo "2404"]
[BlackElo "2514"]
[PlyCount "132"]
[EventDate "2021.12.28"]
[EventType "swiss (blitz)"]
[EventRounds "11"]
[EventCountry "USA"]
[SourceTitle "CBM 206 Extra"]
[Source "ChessBase"]
[SourceDate "2022.03.31"]
[SourceVersion "1"]
[SourceVersionDate "2022.03.31"]
[SourceQuality "1"]

1. e4 c5 2. Nf3 Nf6 3. e5 Nd5 4. Nc3 e6 5. Ne4 f5 6. Nd6+ Bxd6 7. exd6 Qb6 8. d4 Qxd6 9. c4 Nf6 10. dxc5 Qxc5 11. Be2 O-O 12. O-O Nc6 13. Be3 Qe7 14. Qc2 d5 15. Rad1 Re8 16. Rfe1 h6 17. a3 Qf7 18. b4 Ne7 19. Bc5 Ng6 20. cxd5 Nxd5 21. Bc4 b6 22. Bxd5 exd5 23. Bd4 Re4 24. Ne5 Nxe5 25. Bxe5 Ba6 26. f3 Rxe1+ 27. Rxe1 Re8 28. Qd2 Kh7 29. Kf2 Bc4 30. Bd4 Re7 31. Re3 b5 32. h4 a6 33. Rxe7 Qxe7 34. Qf4 Qe2+ 35. Kg1 Qe6 36. Kf2 Qf7 37. Qe5 f4 38. Bc3 Bd3 39. h5 Bb1 40. Bd2 d4 41. Qxd4 Qxh5 42. Qxf4 Qd5 43. Bc3 Qa2+ 44. Kg1 Qxa3 45. Qe5 Qc1+ 46. Kf2 Qc2+ 47. Kg1 Qg6 48. Kf2 Bd3 49. Kg1 Bc4 50. Kf2 Be6 51. Kg1 Bh3 52. g3 h5 53. Kh2 Bf5 54. Qd4 Be6 55. Kg2 Bd7 56. Kf2 Bc6 57. Qe5 Qc2+ 58. Ke3 Qg6 59. Kf2 Qf7 60. f4 Qa2+ 61. Ke3 Qf7 62. Kd2 Bd7 63. Ke3 Bf5 64. Kd2 Qg6 65. Kc1 Bb1 66. Qg5 Qc2# 0-1

[Event "Titled Tuesday intern op 28th Dec"]
[Site "Chess.com INT"]
[Date "2021.12.28"]
[Round "3"]
[White "Plotnikov, Pavel"]
[Black "Bashylina, Luisa"]
[Result "0-1"]
[WhiteElo "2297"]
[BlackElo "1891"]
[PlyCount "64"]
[EventDate "2021.12.28"]
[EventType "swiss (blitz)"]
[EventRounds "11"]
[EventCountry "USA"]
[SourceTitle "CBM 206 Extra"]
[Source "ChessBase"]
[SourceDate "2022.03.31"]
[SourceVersion "1"]
[SourceVersionDate "2022.03.31"]
[SourceQuality "1"]

1. e4 c5 2. Nf3 d6 3. g3 Nf6 4. c3 Nc6 5. d3 g6 6. Bg2 Bg7 7. O-O e5 8. a3 O-O 9. b4 b6 10. Bb2 h6 11. Nbd2 Be6 12. d4 cxd4 13. cxd4 exd4 14. Nxd4 Nxd4 15. Bxd4 Rc8 16. Qa4 Qd7 17. Qa6 Rfe8 18. Rac1 Nxe4 19. Nxe4 Bxd4 20. Rcd1 Bc4 21. Rxd4 Rxe4 22. Qxc8+ Qxc8 23. Rxe4 Bxf1 24. Bxf1 Qc3 25. a4 d5 26. Rf4 d4 27. b5 d3 28. Re4 d2 29. Re8+ Kg7 30. Rd8 Qc1 31. Kg2 d1=Q 32. Rxd1 Qxd1 0-1

[Event "Titled Tuesday intern op 28th Dec"]
[Site "Chess.com INT"]
[Date "2021.12.28"]
[Round "3"]
[White "Postnikov, Daniil"]
[Black "Taher, Yoseph Theolifus"]
[Result "0-1"]
[WhiteElo "2360"]
[BlackElo "2455"]
[PlyCount "88"]
[EventDate "2021.12.28"]
[EventType "swiss (blitz)"]
[EventRounds "11"]
[EventCountry "USA"]
[SourceTitle "CBM 206 Extra"]
[Source "ChessBase"]
[SourceDate "2022.03.31"]
[SourceVersion "1"]
[SourceVersionDate "2022.03.31"]
[SourceQuality "1"]

1. e4 e6 2. d4 d5 3. e5 c5 4. c3 Nc6 5. Nf3 Qb6 6. a3 c4 7. Nbd2 Na5 8. Be2 Bd7 9. Rb1 Ne7 10. b4 cxb3 11. Nxb3 Nxb3 12. Qxb3 Qxb3 13. Rxb3 b6 14. c4 dxc4 15. Bxc4 Rc8 16. Nd2 b5 17. Rxb5 Bxb5 18. Bxb5+ Kd8 19. O-O Nf5 20. Ne4 Nxd4 21. Bg5+ Kc7 22. Ba6 Rb8 23. Be3 Nc6 24. Ng5 Bxa3 25. Nxf7 Rhe8 26. Bc4 h6 27. Rd1 Rb4 28. Ba2 Re7 29. Bc5 Rxf7 30. Bxe6 Re7 31. Bd6+ Kb6 32. Bxe7 Nxe7 33. g3 g5 34. Rd6+ Kc5 35. Rd7 Nc6 36. Rc7 Kb6 37. Rh7 Nxe5 38. Rxh6 Kc5 39. Kg2 Rb2 40. Rh5 Kd6 41. Bf5 g4 42. Rh6+ Kd5 43. Be6+ Ke4 44. Rg6 Nxg6 0-1

[Event "Titled Tuesday intern op 28th Dec"]
[Site "Chess.com INT"]
[Date "2021.12.28"]
[Round "3"]
[White "Pranav, V."]
[Black "Agibileg, Uurtsaikh"]
[Result "0-1"]
[WhiteElo "2486"]
[BlackElo "2440"]
[PlyCount "160"]
[EventDate "2021.12.28"]
[EventType "swiss (blitz)"]
[EventRounds "11"]
[EventCountry "USA"]
[SourceTitle "CBM 206 Extra"]
[Source "ChessBase"]
[SourceDate "2022.03.31"]
[SourceVersion "1"]
[SourceVersionDate "2022.03.31"]
[SourceQuality "1"]

1. Nf3 Nf6 2. g3 g6 3. Bg2 Bg7 4. O-O O-O 5. d3 c5 6. e4 d6 7. Re1 e5 8. a4 Nc6 9. Nbd2 Bg4 10. c3 Qd7 11. Nc4 Rfe8 12. Ne3 Bh3 13. a5 h6 14. Qa4 Rab8 15. Bd2 Bxg2 16. Kxg2 d5 17. Rad1 d4 18. Nc4 Nh5 19. h3 f5 20. cxd4 exd4 21. Qb5 fxe4 22. dxe4 Bf8 23. Bc1 Nf6 24. Bf4 Rbc8 25. Ncd2 Nh5 26. e5 Nxf4+ 27. gxf4 Be7 28. Re4 Rf8 29. Nf1 g5 30. fxg5 Rxf3 31. Qc4+ Kh8 32. e6 Qd6 33. Kxf3 Ne5+ 34. Rxe5 Qxe5 35. Ng3 Rf8+ 36. Kg2 Qxg5 37. Qe2 Bd6 38. Rd3 h5 39. Qxh5+ Qxh5 40. Nxh5 Re8 41. Rb3 Rxe6 42. Rxb7 d3 43. Rb3 c4 44. Rb5 Be5 45. Rd5 Bxb2 46. Nf4 Rf6 47. Nxd3 cxd3 48. Rxd3 Ra6 49. Rd8+ Kg7 50. Rd5 Bc3 51. Rd3 Bxa5 52. f4 Bb4 53. Kf3 Ra3 54. Rxa3 Bxa3 55. Ke4 Kf6 56. h4 a5 57. h5 Bc1 58. h6 Kg6 59. Ke5 Kxh6 60. f5 Kg7 61. Kd4 Kf6 62. Kc4 Kxf5 63. Kb5 Bd2 64. Ka4 Ke4 65. Kb3 Kd3 66. Ka4 Kc4 67. Ka3 Kb5 68. Ka2 Kb4 69. Kb2 Bh6 70. Ka2 a4 71. Kb2 a3+ 72. Ka2 Ka4 73. Kb1 Kb3 74. Ka1 Bg7+ 75. Kb1 a2+ 76. Kc1 a1=Q+ 77. Kd2 Qc3+ 78. Kd1 Qc2+ 79. Ke1 Bd4 80. Kf1 Qf2# 0-1

[Event "Titled Tuesday intern op 28th Dec"]
[Site "Chess.com INT"]
[Date "2021.12.28"]
[Round "3"]
[White "Prilleltensky, Matan"]
[Black "Grot, Blazej"]
[Result "1-0"]
[WhiteElo "2166"]
[BlackElo "1822"]
[PlyCount "31"]
[EventDate "2021.12.28"]
[EventType "swiss (blitz)"]
[EventRounds "11"]
[EventCountry "USA"]
[SourceTitle "CBM 206 Extra"]
[Source "ChessBase"]
[SourceDate "2022.03.31"]
[SourceVersion "1"]
[SourceVersionDate "2022.03.31"]
[SourceQuality "1"]

1. d4 Nf6 2. Bf4 e6 3. e3 d5 4. Nd2 c5 5. c3 Nc6 6. Ngf3 Bd6 7. Bg3 O-O 8. Bd3 Qe7 9. Ne5 Nd7 10. Nxd7 Qxd7 11. Bxd6 Qxd6 12. dxc5 Qxc5 13. Bxh7+ Kxh7 14. Qh5+ Kg8 15. Ne4 Qe7 16. Ng5 1-0

[Event "Titled Tuesday intern op 28th Dec"]
[Site "Chess.com INT"]
[Date "2021.12.28"]
[Round "3"]
[White "Ramirez, Vido Robert"]
[Black "Ivanisevic, Ivan"]
[Result "0-1"]
[WhiteElo "2104"]
[BlackElo "2599"]
[PlyCount "62"]
[EventDate "2021.12.28"]
[EventType "swiss (blitz)"]
[EventRounds "11"]
[EventCountry "USA"]
[SourceTitle "CBM 206 Extra"]
[Source "ChessBase"]
[SourceDate "2022.03.31"]
[SourceVersion "1"]
[SourceVersionDate "2022.03.31"]
[SourceQuality "1"]

1. Nf3 d5 2. g3 Nd7 3. Bg2 e5 4. d3 Ngf6 5. O-O c6 6. e4 Bd6 7. Re1 O-O 8. exd5 cxd5 9. Nc3 d4 10. Ne4 Nxe4 11. dxe4 Nc5 12. c3 dxc3 13. bxc3 h6 14. Be3 Qc7 15. Qc2 Be6 16. Rad1 Rfd8 17. Rd2 Bf8 18. Red1 Rxd2 19. Rxd2 Rc8 20. Bf1 a6 21. Rd1 b5 22. Bxc5 Qxc5 23. Qd2 Be7 24. Rc1 a5 25. Rb1 Qxc3 26. Qxc3 Rxc3 27. Nxe5 b4 28. Rb2 a4 29. Nd3 a3 30. Rd2 b3 31. axb3 Bxb3 0-1

[Event "Titled Tuesday intern op 28th Dec"]
[Site "Chess.com INT"]
[Date "2021.12.28"]
[Round "3"]
[White "Rangel, Daniel"]
[Black "Maksimovic, Bojan"]
[Result "1-0"]
[WhiteElo "2196"]
[BlackElo "2451"]
[PlyCount "173"]
[EventDate "2021.12.28"]
[EventType "swiss (blitz)"]
[EventRounds "11"]
[EventCountry "USA"]
[SourceTitle "CBM 206 Extra"]
[Source "ChessBase"]
[SourceDate "2022.03.31"]
[SourceVersion "1"]
[SourceVersionDate "2022.03.31"]
[SourceQuality "1"]

1. Nf3 g6 2. d4 Nf6 3. g3 Bg7 4. Bg2 O-O 5. O-O d5 6. c4 dxc4 7. Na3 c3 8. bxc3 c5 9. Nc4 Nc6 10. Nce5 Nxe5 11. Nxe5 Nd5 12. Bb2 Bxe5 13. dxe5 Be6 14. a4 a5 15. e4 Nb6 16. Qc2 Nc4 17. Bc1 Nxe5 18. Bh6 Re8 19. h3 Qc7 20. f4 Nc4 21. f5 Bd7 22. Qf2 Ne5 23. f6 Nd3 24. Qf3 c4 25. fxe7 Rxe7 26. Rab1 Bc6 27. Bg5 Rae8 28. Bxe7 Qxe7 29. Ra1 f5 30. Kh2 Bxe4 31. Qe2 Bxg2 32. Qxe7 Rxe7 33. Kxg2 Re2+ 34. Kf3 Rc2 35. Rfb1 Rxc3 36. Rb5 Nc5+ 37. Kf4 b6 38. Rxb6 Kg7 39. h4 Nd3+ 40. Ke3 Nb4+ 41. Kd4 Rxg3 42. Rb7+ Kf6 43. Kxc4 Rg4+ 44. Kb5 Nc2 45. Rc1 Rb4+ 46. Ka6 Rxb7 47. Kxb7 Nd4 48. Kb6 h6 49. Kxa5 Nb3+ 50. Kb4 Nxc1 51. a5 Nd3+ 52. Kb5 f4 53. a6 f3 54. a7 Nf4 55. a8=Q f2 56. Qf3 Kf5 57. Qxf2 Kg4 58. Qb2 Kxh4 59. Qg7 h5 60. Qf7 g5 61. Qf6 Kg4 62. Kc4 h4 63. Kd4 h3 64. Ke4 h2 65. Qf5+ Kh4 66. Qh7+ Kg3 67. Qh6 g4 68. Qxf4+ Kg2 69. Qxg4+ Kf2 70. Qh4+ Kg2 71. Qg5+ Kf2 72. Qf6+ Kg2 73. Qg7+ Kf2 74. Qf8+ Kg2 75. Qg8+ Kf2 76. Qf7+ Kg2 77. Qg6+ Kf2 78. Qf6+ Kg2 79. Qg5+ Kf2 80. Qf5+ Kg2 81. Qg4+ Kf2 82. Qf3+ Kg1 83. Ke3 h1=N 84. Ke2 Ng3+ 85. Qxg3+ Kh1 86. Qg4 Kh2 87. Kf2 1-0

[Event "Titled Tuesday intern op 28th Dec"]
[Site "Chess.com INT"]
[Date "2021.12.28"]
[Round "3"]
[White "Roebers, Jan"]
[Black "Toolin, Christopher"]
[Result "1/2-1/2"]
[WhiteElo "2154"]
[BlackElo "2146"]
[PlyCount "128"]
[EventDate "2021.12.28"]
[EventType "swiss (blitz)"]
[EventRounds "11"]
[EventCountry "USA"]
[SourceTitle "CBM 206 Extra"]
[Source "ChessBase"]
[SourceDate "2022.03.31"]
[SourceVersion "1"]
[SourceVersionDate "2022.03.31"]
[SourceQuality "1"]

1. e4 c5 2. d4 cxd4 3. c3 Nf6 4. e5 Nd5 5. Bc4 e6 6. cxd4 d6 7. Nf3 Nc6 8. exd6 Bxd6 9. O-O O-O 10. Nc3 Nxc3 11. bxc3 b6 12. Bg5 Be7 13. Bxe7 Nxe7 14. Ne5 Bb7 15. Qh5 Ng6 16. Rae1 Nxe5 17. Rxe5 Rc8 18. Bd3 g6 19. Qh6 Qf6 20. Re3 Qg7 21. Qxg7+ Kxg7 22. Bb5 Rfd8 23. h4 a6 24. Ba4 b5 25. Bb3 Bd5 26. Bxd5 Rxd5 27. a4 bxa4 28. Ra1 Rc4 29. g3 Kf6 30. Kf1 Rb5 31. Ra2 Rb3 32. Ke2 Ke7 33. d5 Kd6 34. dxe6 fxe6 35. Rd2+ Ke7 36. Ra2 Kf6 37. Rf3+ Ke7 38. Re3 Rbxc3 39. Rxc3 Rxc3 40. Rxa4 Rc6 41. Ra5 Kf6 42. f4 h5 43. Kf3 Ke7 44. Kf2 Kd7 45. Rg5 Kd6 46. Rxg6 a5 47. f5 Ke5 48. fxe6 Rxe6 49. Rg5+ Ke4 50. Rxa5 Rf6+ 51. Kg2 Rh6 52. Kf2 Rf6+ 53. Ke2 Rh6 54. Ra4+ Kf5 55. Kf3 Rc6 56. Ra5+ Kg6 57. Kf4 Rc4+ 58. Kf3 Rc3+ 59. Kg2 Rc2+ 60. Kh3 Rc3 61. Ra6+ Kf5 62. Ra5+ Kg6 63. Ra6+ Kg7 64. Ra5 Kg6 1/2-1/2

[Event "Titled Tuesday intern op 28th Dec"]
[Site "Chess.com INT"]
[Date "2021.12.28"]
[Round "3"]
[White "Safarli, Eltaj"]
[Black "Mickiewicz, Piotr"]
[Result "1-0"]
[WhiteElo "2579"]
[BlackElo "2294"]
[PlyCount "41"]
[EventDate "2021.12.28"]
[EventType "swiss (blitz)"]
[EventRounds "11"]
[EventCountry "USA"]
[SourceTitle "CBM 206 Extra"]
[Source "ChessBase"]
[SourceDate "2022.03.31"]
[SourceVersion "1"]
[SourceVersionDate "2022.03.31"]
[SourceQuality "1"]

1. e4 c6 2. d4 d5 3. exd5 cxd5 4. c4 Nf6 5. Nc3 e6 6. Nf3 Bb4 7. cxd5 Nxd5 8. Bd2 O-O 9. Bd3 Nc6 10. O-O Nf6 11. Bg5 Be7 12. Re1 Nb4 13. Bb1 Nbd5 14. Qd3 g6 15. Ne5 Re8 16. a3 Bd7 17. Ba2 Bc6 18. Qh3 Bf8 19. Bxd5 Bxd5 20. Nxd5 Qxd5 21. Bxf6 1-0

[Event "Titled Tuesday intern op 28th Dec"]
[Site "Chess.com INT"]
[Date "2021.12.28"]
[Round "3"]
[White "Samarth, J Rao"]
[Black "Cruz Ravina, Francisco Javier"]
[Result "0-1"]
[WhiteElo "1664"]
[BlackElo "2411"]
[PlyCount "66"]
[EventDate "2021.12.28"]
[EventType "swiss (blitz)"]
[EventRounds "11"]
[EventCountry "USA"]
[SourceTitle "CBM 206 Extra"]
[Source "ChessBase"]
[SourceDate "2022.03.31"]
[SourceVersion "1"]
[SourceVersionDate "2022.03.31"]
[SourceQuality "1"]

1. d4 Nf6 2. e3 d6 3. Bd3 e5 4. dxe5 dxe5 5. Nc3 c6 6. e4 g6 7. Bg5 Bg7 8. Nf3 h6 9. Be3 Qe7 10. h3 O-O 11. Qd2 Kh7 12. g4 Nfd7 13. g5 h5 14. h4 Nc5 15. O-O-O Rd8 16. Qe1 Nxd3+ 17. cxd3 Bg4 18. Qe2 Na6 19. Rdg1 Qd7 20. Rxg4 Qxg4 21. Rg1 Qe6 22. a3 Rd7 23. Nd2 Rad8 24. f4 exf4 25. Bxf4 Bxc3 26. bxc3 Rxd3 27. Nb1 Nc5 28. Kc2 Qb3+ 29. Kc1 Rxc3+ 30. Nxc3 Nd3+ 31. Kd2 Nxf4+ 32. Ke3 Nxe2 33. Kxe2 Qxc3 0-1

[Event "Titled Tuesday intern op 28th Dec"]
[Site "Chess.com INT"]
[Date "2021.12.28"]
[Round "3"]
[White "San, Thit Lwin"]
[Black "Kabanova, Ekaterina"]
[Result "0-1"]
[WhiteElo "2242"]
[BlackElo "2138"]
[PlyCount "86"]
[EventDate "2021.12.28"]
[EventType "swiss (blitz)"]
[EventRounds "11"]
[EventCountry "USA"]
[SourceTitle "CBM 206 Extra"]
[Source "ChessBase"]
[SourceDate "2022.03.31"]
[SourceVersion "1"]
[SourceVersionDate "2022.03.31"]
[SourceQuality "1"]

1. Nf3 c5 2. c4 e6 3. d4 cxd4 4. Nxd4 a6 5. Nc3 Qc7 6. e4 Nf6 7. Be3 b6 8. Rc1 Bb7 9. f3 h6 10. Be2 Bb4 11. O-O Bd6 12. h3 Bh2+ 13. Kh1 Nh5 14. Ndb5 axb5 15. Nxb5 Ng3+ 16. Kxh2 Nxf1+ 17. Kg1 Qh2+ 18. Kxf1 O-O 19. Qd2 Qe5 20. Bxb6 Rxa2 21. Bd4 Qg5 22. Qxg5 hxg5 23. Na3 Nc6 24. Bc3 Rb8 25. Rd1 Bc8 26. Rd2 Ra1+ 27. Kf2 Rc1 28. Nb5 f6 29. Nd6 Ne5 30. Nxc8 Rxc8 31. Bxe5 fxe5 32. Rxd7 Rc2 33. Ke1 Rxb2 34. Rd6 Kf7 35. Rd7+ Kf6 36. Ra7 Rd8 37. c5 Rb1+ 38. Kf2 Rc1 39. Ra5 Rd2 40. Ke3 Rcc2 41. Bd3 Rb2 42. c6 Rd1 43. Ra7 Re1+ 0-1

[Event "Titled Tuesday intern op 28th Dec"]
[Site "Chess.com INT"]
[Date "2021.12.28"]
[Round "3"]
[White "Santos Flores, Alberto Javier"]
[Black "Potapova, Margarita"]
[Result "1-0"]
[WhiteElo "2182"]
[BlackElo "2257"]
[PlyCount "87"]
[EventDate "2021.12.28"]
[EventType "swiss (blitz)"]
[EventRounds "11"]
[EventCountry "USA"]
[SourceTitle "CBM 206 Extra"]
[Source "ChessBase"]
[SourceDate "2022.03.31"]
[SourceVersion "1"]
[SourceVersionDate "2022.03.31"]
[SourceQuality "1"]

1. e4 c5 2. Nf3 d6 3. d4 cxd4 4. Nxd4 Nf6 5. Nc3 a6 6. Be3 e5 7. Nb3 Be6 8. f3 Be7 9. Qd2 O-O 10. g4 d5 11. exd5 Nxd5 12. Nxd5 Qxd5 13. Qxd5 Bxd5 14. Bg2 Bh4+ 15. Bf2 Bxf2+ 16. Kxf2 Nc6 17. c3 Rad8 18. Rad1 b6 19. Rd2 Bxb3 20. Rxd8 Rxd8 21. axb3 Rd2+ 22. Kg3 Ne7 23. b4 Ng6 24. Ra1 Kf8 25. Rxa6 Nf4 26. Bf1 g5 27. Rxb6 Ke7 28. c4 Rxb2 29. c5 Nd5 30. Rb7+ Kf6 31. b5 Ne3 32. Bh3 Nd1 33. c6 Nf2 34. Bg2 Nd3 35. c7 Nf4 36. Bf1 h5 37. h4 Rc2 38. Rb6+ Ke7 39. Rc6 gxh4+ 40. Kxh4 Ng6+ 41. Kg3 h4+ 42. Kh3 Nf4+ 43. Kxh4 Rh2+ 44. Kg3 1-0

[Event "Titled Tuesday intern op 28th Dec"]
[Site "Chess.com INT"]
[Date "2021.12.28"]
[Round "3"]
[White "Shubenkova, Veronika"]
[Black "Avazkhonov, Alikhon"]
[Result "0-1"]
[WhiteElo "1762"]
[BlackElo "1538"]
[PlyCount "68"]
[EventDate "2021.12.28"]
[EventType "swiss (blitz)"]
[EventRounds "11"]
[EventCountry "USA"]
[SourceTitle "CBM 206 Extra"]
[Source "ChessBase"]
[SourceDate "2022.03.31"]
[SourceVersion "1"]
[SourceVersionDate "2022.03.31"]
[SourceQuality "1"]

1. e4 c5 2. Nf3 d6 3. c3 Nf6 4. d3 g6 5. Be2 Bg7 6. O-O O-O 7. h3 b6 8. Be3 Bb7 9. Nbd2 Nbd7 10. c4 e6 11. Qc2 d5 12. e5 Ne8 13. cxd5 exd5 14. d4 Qe7 15. Bg5 Qe6 16. Nb3 c4 17. Nbd2 b5 18. Nh2 Nc7 19. Bg4 Qc6 20. f4 f5 21. exf6 Nxf6 22. Ndf3 Ne4 23. Rad1 Ne6 24. Bxe6+ Qxe6 25. Ne5 Bxe5 26. dxe5 Qb6+ 27. Rf2 d4 28. Ng4 d3 29. Qc1 h5 30. Nf6+ Rxf6 31. Bxf6 Qxf2+ 32. Kh2 Nxf6 33. Rg1 Ng4+ 34. Kh1 Qh4 0-1